Kumara Sambhavam or the birth of war-god/ (Record no. 207446)

MARC details
000 -LEADER
fixed length control field 00551nam a22001937a 4500
005 - DATE AND TIME OF LATEST TRANSACTION
control field 20241205170055.0
010 ## - LCCN (DPL NO)
LC control number ENG-142856
020 ## - INTERNATIONAL STANDARD BOOK NUMBER
Terms of availability 800.00
International Standard Book Number 9789395276009
035 ## - SYSTEM CONTROL NUMBER
System control number EN-126388
037 ## - SOURCE OF ACQUISITION
Source of stock number/acquisition DBAD
082 ## - DEWEY DECIMAL CLASSIFICATION NUMBER
Classification number 230.2
100 ## - MAIN ENTRY--PERSONAL NAME
Personal name Wilson, H.H.
245 ## - TITLE STATEMENT
Title Kumara Sambhavam or the birth of war-god/
Statement of responsibility, etc by H.H. Wilson
250 ## - EDITION STATEMENT
Edition statement 1
260 ## - PUBLICATION, DISTRIBUTION, ETC. (IMPRINT)
Place of publication, distribution, etc Varanasi
Name of publisher, distributor, etc Prachya Vidya Bhawan
Date of publication, distribution, etc 2023
270 ## - ADDRESS
Address B5/25 Oudhgarvi, Sonarpura
City Varanasi
Postal code 221001
300 ## - PHYSICAL DESCRIPTION
Extent 186p.
Dimensions 23cm(Hb)
942 ## - ADDED ENTRY ELEMENTS (KOHA)
Source of classification or shelving scheme Dewey Decimal Classification
Item type English Books
Classification part 230.2
Call number suffix WIL
Holdings
Withdrawn status Lost status Not for loan Collection code Home library Current library Date acquired Source of acquisition Cost, normal purchase price Full call number Barcode Copy number Cost, replacement price Koha item type
      Non-fiction Central Jail Tihar Central Jail Tihar 05/12/2024 Delivery of Books Act Division 800.00 230.2 WIL EN-126388 1 800.00 English Books

© Delhi Public Library
Hit Counter
free hit counter